Necesidades privadas y medios públicos (Record no. 146993)

MARC details
000 -LEADER
campo de control de longitud fija 00909nam a2200265 i 4500
001 - NÚMERO DE CONTROL
campo de control 146993
003 - IDENTIFICADOR DE NÚMERO DE CONTROL
campo de control ES-MaACL
005 - FECHA Y HORA DE LA ÚLTIMA TRANSACCIÓN
campo de control 20250902223818.0
007 - CAMPO FIJO DE DESCRIPCIÓN FÍSICA--INFORMACIÓN GENERAL
campo de control de longitud fija t|
008 - DATOS DE LONGITUD FIJA--INFORMACIÓN GENERAL
campo de control de longitud fija 070920s1974 sp ||||1| spa d
080 ## - NÚMERO DE LA CLASIFICACIÓN DECIMAL UNIVERSAL
Número de la Clasificación Decimal Universal 330.831.4
080 ## - NÚMERO DE LA CLASIFICACIÓN DECIMAL UNIVERSAL
Número de la Clasificación Decimal Universal 330.173.3
100 1# - ENTRADA PRINCIPAL--NOMBRE DE PERSONA
Nombre de persona Tullock, Gordon.
9 (RLIN) 111670
245 10 - MENCIÓN DEL TÍTULO
Título Necesidades privadas y medios públicos
Resto del título : análisis económico del nivel deseable de intervención pública /
Mención de responsabilidad, etc. Gordon Tullock ; traducción... Luis A. Martín Merino.
250 ## - MENCION DE EDICION
Mención de edición [1ª ed.].
260 ## - PUBLICACIÓN, DISTRIBUCIÓN, ETC.
Lugar de publicación, distribución, etc. [Madrid] :
Nombre del editor, distribuidor, etc. Aguilar,
Fecha de publicación, distribución, etc. [1974]
300 ## - DESCRIPCIÓN FÍSICA
Extensión XV, 190 p. ;
Dimensiones 21 cm.
490 1# - MENCIÓN DE SERIE
Mención de serie Iniciación a la Economía
650 14 - PUNTO DE ACCESO ADICIONAL DE MATERIA--TÉRMINO DE MATERIA
Término de materia o nombre geográfico como elemento de entrada Intervención estatal.
9 (RLIN) 13879
650 #7 - PUNTO DE ACCESO ADICIONAL DE MATERIA--TÉRMINO DE MATERIA
Término de materia o nombre geográfico como elemento de entrada Economía del bienestar
Fuente del encabezamiento o término embne
9 (RLIN) 142910
700 0# - ENTRADA AGREGADA--NOMBRE PERSONAL
Nombre de persona Martín Merino, Luis Adolfo.
9 (RLIN) 77570
830 0# - PUNTO DE ACCESO ADICIONAL DE SERIE-TÍTULO UNIFORME
Título uniforme Iniciación a la Economía
9 (RLIN) 220896
852 ## - LOCALIZACIÓN
Ubicación ES-MaACL
Número de control de estantería E-6546
Sublocalización o colección R.90857
Holdings
Estatus retirado Estado de pérdida Estado de daño No para préstamo Biblioteca de origen Biblioteca actual Ubicación en estantería Fecha de adquisición Fuente de adquisición Total de préstamos Signatura topográfica completa Código de barras Visto por última vez Precio de reemplazo Tipo de ítem Koha
        Biblioteca del Ateneo de Madrid Biblioteca del Ateneo de Madrid Depósito 2 17/01/2008     E-6546 1153406 23/02/2023 23/02/2023 Libro impreso